|
|
|
|
| LEADER |
00000naa2a2200000 4500 |
| 001 |
391244 |
| 005 |
20231101064049.0 |
| 035 |
|
|
|a (RuTPU)RU\TPU\prd\25331
|
| 090 |
|
|
|a 391244
|
| 100 |
|
|
|a 20040416a2004 k y0rusy50 ca
|
| 101 |
0 |
|
|a rus
|
| 102 |
|
|
|a RU
|
| 200 |
1 |
|
|a Математическое моделирование оптимальных дозовых полей в лучевой терапии злокачественных опухолей.
|a Часть 1 (дистанционная лучевая терапия)
|f Л. Я. Клеппер
|
| 225 |
1 |
|
|a Исследования, конструирование и технология
|
| 320 |
|
|
|a Библиогр.: 6 назв.
|
| 461 |
|
1 |
|0 (RuTPU)RU\TPU\prd\1623
|x 0025-8075
|t Медицинская техника
|l Biomedical Engineering
|o научно-технический журнал
|d 1976-
|
| 463 |
|
1 |
|0 (RuTPU)RU\TPU\prd\24443
|t № 1
|v С. 30-37
|d 2004
|
| 610 |
1 |
|
|a лучевая терапия
|
| 610 |
1 |
|
|a математическое моделировние
|
| 610 |
1 |
|
|a злокачественные опухоли
|
| 610 |
1 |
|
|a дозовые поля
|
| 610 |
1 |
|
|a программирование
|
| 610 |
1 |
|
|a контрольные точки
|
| 610 |
1 |
|
|a адекватные локальные сети
|
| 610 |
1 |
|
|a построение
|
| 675 |
|
|
|a 615.47:616-006.04-085.849.5]:519.24
|v 3
|
| 700 |
|
1 |
|a Клеппер
|b Л. Я.
|
| 801 |
|
1 |
|a RU
|b 63413507
|c 20040416
|g PSBO
|
| 801 |
|
2 |
|a RU
|b 63413507
|c 20120914
|g RCR
|
| 942 |
|
|
|c BK
|